| 000 | 00873nam a2200349 a 4500 | ||
|---|---|---|---|
| 003 | AR-BaBNM | ||
| 005 | 20251128204731.0 | ||
| 008 | 082120s2002 ||||||||||||||000 | spa|| | ||
| 020 | _a968-16-1047-4 | ||
| 040 | _cAR-BaBNM | ||
| 100 | 1 | _aFurtado, Celso | |
| 245 | 0 | 0 |
_aEl subdesarrollo latinoamericano _bensayos |
| 250 | _a1ª ed. | ||
| 260 |
_aMéxico, D.F. _bFondo de Cultura Económica _c1982 |
||
| 300 | _a329 p. | ||
| 490 | 0 |
_aLecturas _vv. 45 |
|
| 650 | 4 | _aECONOMIA RURAL | |
| 650 | 4 | _aREFORMA | |
| 650 | 4 | _aCOMERCIO INTERNACIONAL | |
| 650 | 4 | _aCOLONIZACION | |
| 650 | 4 | _aDESARROLLO INDUSTRIAL | |
| 650 | 4 | _aCAPITALISMO | |
| 650 | 4 | _aSUBDESARROLLO | |
| 651 | 4 | _aPerú | |
| 651 | 4 | _aMéxico | |
| 651 | 4 | _aChile | |
| 651 | 4 | _aBrasil | |
| 651 | 4 | _aAmérica Latina | |
| 800 | 1 |
_aSoberón M., Oscar _edirector |
|
| 942 | _cBK | ||
| 998 | _cGLORIA | ||
| 999 |
_c8612 _d8612 |
||